000 00488nam a2200193Ia 4500
005 20250923144429.0
008 008 250917s9999 xx 000 0 eng d
037 _aTextual
040 _aDSWL
_beng
_cDSWL
041 _aeng
_2eng
084 _aW58, H9
_qDSWL
245 4 _aThe types and causes of discrimination
_cby U.N.Secretary
260 _c1949
300 _a88 p.
365 _aUSD
_b0.5
925 _g0.5
942 _cTEXL
_hW58, H9
999 _c1438794
_d1438794